Estudio de factibilidad para la creación de una Microempresa de Bisutería Artesanal en porcelana fría en el Municipio de Tupiza (Registro nro. 9708)

000 -CABECERA (24)
Campo de control interno 02903nam a22002894a 4500
003 - IDENTIFICADOR DE CONTROL
Campo control BOLpUSFA
005 - FECHA Y HORA DE CATALOGACION
Campo de control 20260416153455.0
008 - ELEMENTOS DE LONGITUD FIJA - INFORMACIÓN GENERAL
Campo de control de longitud fija t bo grm 001 | spa||
040 ## - Origen de la Catalogacion
Origen de la Catalogacion BOLpUSFA
041 ## - Código de idioma (R)
Código de lengua del texto/banda sonora o título independiente (R) spa
044 ## - Código de país de la publicación
Codigo de pais MARC BO
082 ## - Número de la Clasificación Decimal Dewey
Número de la Clasificación Decimal Dewey ADM0021
Codigo Cutter R621e PG
100 ## - Autor Personal
Autor Personal Rivera Pérez, Rasshiel Iran
245 ## - Titulo
Titulo Estudio de factibilidad para la creación de una Microempresa de Bisutería Artesanal en porcelana fría en el Municipio de Tupiza
260 ## - Editorial
Ciudad Tupiza:
Nombre de la Editorial Universidad Privada San Francisco de Asís. Carrera de Administración de Empresas,
Fecha 2025
300 ## - Descripcion
Extension 290 p.
502 ## - Nota de Tesis
Nota de Tesis Modalidad: Proyecto de Grado -<br/>Tutora: Lic. Carmen Julia Arizaga Surriable
520 ## - Resumen
Resumen El presente proyecto de estudio de factibilidad para la creación de una <br/>microempresa de bisutería artesanal en porcelana fría tiene como objetivo <br/>desarrollar un negocio que ofrezca productos únicos y personalizados para el <br/>Municipio de Tupiza. Este proyecto surge debido a la insatisfacción del mercado <br/>local con la oferta de bisutería artesanal. La mayoría de los consumidores busca <br/>productos que reflejen sus gustos y preferencias, pero no encuentran variedad ni <br/>diseño en el mercado actual. <br/><br/>El método utilizado para desarrollar el proyecto incluyó un análisis de <br/>mercado a través de encuestas con el fin de identificar las preferencias del <br/>consumidor y los puntos de venta más relevantes. Además, se estudió la <br/>competencia local y las oportunidades de ventas en línea y en ferias artesanales <br/>también involucró la definición de costos, precios y toda la estructura de la <br/>microempresa. <br/><br/>Entre los principales resultados obtenidos, se destaca que los encuestados <br/>tienen dificultades para encontrar productos adecuados y estarían dispuestos a <br/>comprar bisutería artesanal en porcelana fría. Los productos más demandados <br/>fueron aretes, collar y pulsera. Este proyecto concluye que la creación de esta <br/>microempresa tiene un alto potencial de éxito, con una demanda insatisfecha y un <br/>mercado dispuesto a apoyar la iniciativa. <br/><br/>En conclusión, el estudio determina que la creación de la microempresa es <br/>técnica, económica y comercialmente viable, debido a la existencia de una demanda <br/>potencial no satisfecha, la aceptación del producto y las oportunidades de <br/>crecimiento en el mercado local; el proyecto representa una alternativa de <br/>autoempleo, desarrollo artesanal y promoción de bisutería artesanal en el Municipio <br/>de Tupiza. <br/> <br/>
650 ## - Temas - Descriptores
Temas - Descriptores Administración de Empresas
650 ## - Temas - Descriptores
Temas - Descriptores Proyecto de Grado
650 ## - Temas - Descriptores
Temas - Descriptores Estudio de factibilidad
650 ## - Temas - Descriptores
Temas - Descriptores Joyas artesanales
650 ## - Temas - Descriptores
Temas - Descriptores Porcelana fría
651 ## - Punto de acceso adicional de materia - Nombre geográfico (R)
Nombre geográfico (NR) Potosí
651 ## - Punto de acceso adicional de materia - Nombre geográfico (R)
Nombre geográfico (NR) Tupiza
942 ## - ELEMENTOS DE KOHA
Esquema de Clasificaci
Tipo de Documento Tesis
Catalogador LLO
Existencias
Retirado (estado) Perdido (estado) Fuente de Clasificacion Deterioro (estado) Prestamo Coleccion Ubicacion permanente Ubicacion actual Fondo Fecha de adquisicion Origen de adquisicion Prestamos Signatura Topografica Codigo de barras Ultima fecha de verificacion Price effective from Tipo de Item
No Dañado Disponible   No Dañado Disponible Tesis Biblioteca USFA Tupiza Biblioteca USFA Tupiza Colección Tesis 04/16/2026 Depósito   ADM0021 R621e PG BTZ00915 04/16/2026 04/16/2026 Tesis

Universidad Privada San Francisco de Asis (USFA)
Sopocachi, av. 20 de octubre esq. Belisario Salinas No.397 (Plaza Abaroa)
Telf.fax (+591-2) 2443773
info@usfa.edu.bo